000 00497nam a22001337a 4500
005 20260630131911.0
020 _a9781009298018
082 _aR 325 LAH/I
100 _aLahav, Gallya and Messina, Antony M
_917176
245 _aImmigration, security and the liberal state:
_bthe politics of migration aregualtion in Europe and the United States/
_cby Gallia Lahav and Anthony M.Messina
260 _a. - New York
_b: Cambridge University Press
_c, 2024
300 _axix+492 pages
942 _2ddc
_cREF
999 _c761150
_d761150